000 00541cam a22002171 4500
001 sa 66006166
003 DLC
005 20260227112254.0
008 890403s1965 xx 000 0 beno
010 _asa 66006166
035 _a(OCoLC)23564654
040 _aDLC
_cMiU
_dDLC
042 _apremarc
050 0 0 _aDS485.B44
_bK5
100 1 _aKhan, Mohammad Akram.
245 1 0 _aMochalema Baṅgera sāmājika itihāsa.
260 _c[1965]
300 _a4, 206 p.
_c25 cm.
500 _aRomanized.
650 0 _aMuslims
_zIndia
_zBengal
999 _c70352
_d70352